the ROAD AHEAD (Record no. 21157)
[ view plain ]
| 000 -LEADER | |
|---|---|
| fixed length control field | 00478nam a22001817a 4500 |
| 003 - CONTROL NUMBER IDENTIFIER | |
| control field | MUT |
| 005 - DATE AND TIME OF LATEST TRANSACTION | |
| control field | 20240606081532.0 |
| 008 - FIXED-LENGTH DATA ELEMENTS--GENERAL INFORMATION | |
| fixed length control field | 220209b xxu||||| |||| 00| 0 eng d |
| 020 ## - INTERNATIONAL STANDARD BOOK NUMBER | |
| International Standard Book Number | 0772529108 |
| 040 ## - CATALOGING SOURCE | |
| Transcribing agency | MUT |
| 050 ## - LIBRARY OF CONGRESS CALL NUMBER | |
| Classification number | PE1121 |
| Item number | .M34 2003 |
| 100 ## - MAIN ENTRY--PERSONAL NAME | |
| Personal name | Clayden ,Marie |
| 245 ## - TITLE STATEMENT | |
| Title | the ROAD AHEAD |
| Remainder of title | Reading Selections for Canadian Students |
| 260 ## - PUBLICATION, DISTRIBUTION, ETC. | |
| Place of publication, distribution, etc. | Toronto, |
| Name of publisher, distributor, etc. | Irwin, |
| Date of publication, distribution, etc. | c2003 |
| 630 ## - SUBJECT ADDED ENTRY--UNIFORM TITLE | |
| Uniform title | Readers (secondary) |
| 700 ## - ADDED ENTRY--PERSONAL NAME | |
| Personal name | Fenner,Dianne ...etal |
| 942 ## - ADDED ENTRY ELEMENTS (KOHA) | |
| Source of classification or shelving scheme | Library of Congress Classification |
| Koha item type | Books |
| Withdrawn status | Lost status | Source of classification or shelving scheme | Damaged status | Not for loan | Home library | Current library | Shelving location | Date acquired | Source of acquisition | Total checkouts | Full call number | Barcode | Date last seen | Price effective from | Koha item type |
|---|---|---|---|---|---|---|---|---|---|---|---|---|---|---|---|
| Library of Congress Classification | Murang'a University of Technology Library | Murang'a University of Technology Library | General stacks | 09/02/2022 | Donation- TFC | PE1121.M34 2003 | 029322 | 30/08/2024 | 09/02/2022 | Books |